वंशवृक्ष / (Record no. 116983)

MARC details
000 -LEADER
fixed length control field 01035nam a22002537a 4500
005 - DATE AND TIME OF LATEST TRANSACTION
control field 20170124103047.0
010 ## - LIBRARY OF CONGRESS CONTROL NUMBER
LC control number B-105386
020 ## - INTERNATIONAL STANDARD BOOK NUMBER
Terms of availability 290.00
International Standard Book Number 8188118273
035 ## - SYSTEM CONTROL NUMBER
System control number B-105386
037 ## - SOURCE OF ACQUISITION
Source of stock number/acquisition Cen Lib/Ret
040 ## - CATALOGING SOURCE
Original cataloging agency DPL
Language of cataloging HN
082 ## - DEWEY DECIMAL CLASSIFICATION NUMBER
Classification number
Item number भैरप्पा
100 ## - MAIN ENTRY--PERSONAL NAME
Personal name भैरप्पा, एस.एल
9 (RLIN) 69381
245 ## - TITLE STATEMENT
Title वंशवृक्ष /
Statement of responsibility, etc एस.एल. भैरप्पा
246 ## - VARYING FORM OF TITLE
Title proper/short title Vanshvriksh /
Remainder of title by S.L. Bhairappa
260 ## - PUBLICATION, DISTRIBUTION, ETC. (IMPRINT)
Place of publication, distribution, etc दिल्ली
Name of publisher, distributor, etc आर्य प्रकाशन मंडल
Date of publication, distribution, etc 2004
270 ## - ADDRESS
Address सरस्वती भंडार गांधीनगर
City दिल्ली
Postal code 110031
300 ## - PHYSICAL DESCRIPTION
Extent 292पृ.
Dimensions 19सेमी (सजिल्द )
650 ## - SUBJECT ADDED ENTRY--TOPICAL TERM
Topical term or geographic name as entry element हिंदी साहित्य
General subdivision
Geographic subdivision
9 (RLIN) 69382
650 ## - SUBJECT ADDED ENTRY--TOPICAL TERM
Topical term or geographic name as entry element हिंदी साहित्य
Form subdivision
General subdivision उपन्यास
9 (RLIN) 69383
650 ## - SUBJECT ADDED ENTRY--TOPICAL TERM
Topical term or geographic name as entry element Hindi literature
9 (RLIN) 69384
650 ## - SUBJECT ADDED ENTRY--TOPICAL TERM
Topical term or geographic name as entry element Hindi literature
General subdivision fiction
9 (RLIN) 69385
942 ## - ADDED ENTRY ELEMENTS (KOHA)
Source of classification or shelving scheme Dewey Decimal Classification
Koha item type Hindi Books
Classification part
Call number suffix भैरप्पा
Holdings
Withdrawn status Lost status Damaged status Not for loan Home library Current library Date acquired Source of acquisition Cost, normal purchase price Total Checkouts Full call number Barcode Date last seen Date checked out Copy number Cost, replacement price Price effective from Koha item type
        Central Library Central Library 26/08/2015 Cen Lib/Ref 290.00 1 उ भैरप्पा B-105386 14/06/2017 13/06/2017 1 290.00 26/08/2015 Hindi Books

© Delhi Public Library
Hit Counter
free hit counter